000 00670cam a2200205 a 4500
001 15840295
005 20180111114655.0
008 090728s2010 enk b 001 0 eng
020 _a9781405113465 (hc : alk. paper)
020 _a9781405113472 (pbk. : alk. paper)
040 _cPK-LaUMT
082 0 0 _a220.046
_222
_bHIM-A
100 1 _aHimmelfarb, Martha
245 1 4 _aThe apocalypse :
_ba brief history /
_cMartha Himmelfarb
260 _aChichester ;
_aMalden, MA :
_bWiley-Blackwell,
_c2010
300 _ax, 178 p. ;
_c23 cm.
490 1 _aBlackwell brief histories of religion series
650 0 _aApocalyptic literature
_xHistory and criticism.
942 _cBK
999 _c101513
_d101513